América Latina y la segunda administración Bush: un debate sobre seguridad
Tallennettuna:
| Päätekijät: | , |
|---|---|
| Aineistotyyppi: | Kirja |
| Kieli: | espanja englanti |
| Julkaistu: |
San José
Juricentro
2008
San José FLACSO 2008 |
| Painos: | 1a. ed |
| Aiheet: | |
| Tagit: |
Lisää tagi
Ei tageja, Lisää ensimmäinen tagi!
|
MARC
| LEADER | 00000nam a2200000 a 4500 | ||
|---|---|---|---|
| 001 | UCG5518 | ||
| 003 | CL-VaPUC | ||
| 008 | 110310e20080000cr |||||||||||||||||spa|d | ||
| 020 | |a 9789977681665 | ||
| 041 | 0 | 7 | |a spa |2 CL-VaPUC |
| 041 | 0 | 7 | |a eng |2 CL-VaPUC |
| 082 | 0 | 4 | |a 363.1 |b HER |2 21 |
| 100 | |a Hernández Milián, Jairo |e author |9 555243 | ||
| 700 | 0 | |a Lizano Picado, Ana Cristina |e author |9 555237 | |
| 245 | 1 | 0 | |a América Latina y la segunda administración Bush: un debate sobre seguridad |
| 250 | |a 1a. ed | ||
| 300 | |a 196 p | ||
| 942 | |c BK | ||
| 945 | |d 20110310 00:00:00 |a dcastane | ||
| 260 | |a San José |b Juricentro |c 2008 | ||
| 260 | |a San José |b FLACSO |c 2008 | ||
| 600 | 0 | 7 | |a AMERICA DEL NORTE |2 CL-VaPUC |9 555238 |
| 600 | 0 | 7 | |a AMERICA LATINA |2 CL-VaPUC |9 540875 |
| 650 | 0 | |a Seguridad nacional |9 317752 | |
| 650 | 7 | |a POLITICA Y ESTADO |2 CL-VaPUC |9 555239 | |
| 583 | |a last modification |c 20171116 04:24:18 |k Rodrigo Vera | ||
| 999 | |c 343995 |d 343993 | ||